[Event "Cracovia 2007"]
[Site "Cracovia POL"]
[Date "2008.01.04"]
[Round "9.3"]
[White "Kveinys, Aloyzas"]
[Black "Swiercz, Dariusz"]
[Result "1/2-1/2"]
[WhiteElo "2517"]
[BlackElo "2274"]
[PlyCount "65"]
[EventDate "2007.12.27"]
[EventType "swiss"]
[EventRounds "9"]
[EventCountry "POL"]
[Source "lmi"]
[SourceDate "2007.12.27"]

1. Nf3 f5 2. g3 Nf6 3. Bg2 g6 4. O-O Bg7 5. d3 d6 6. Nc3 O-O 7. e4 Nc6 8. h3 e5
9. Be3 f4 10. gxf4 exf4 11. Bxf4 Nxe4 12. Ne2 Nf6 13. Qd2 Nh5 14. Bg5 Qe8 15.
Ng3 Bxh3 16. Bxh3 Rxf3 17. Rae1 Ne5 18. Bg2 Nxg3 19. fxg3 Rxf1+ 20. Rxf1 c6 21.
Bh3 Nf7 22. Re1 Be5 23. Bf6 Qf8 24. Qf2 Bxf6 25. Qxf6 Re8 26. Be6 Qe7 27. Qd4
d5 28. Kg2 b6 29. b4 h5 30. a4 Kh7 31. b5 c5 32. Qxd5 Kh6 33. Bxf7 1/2-1/2

[Event "Cracovia 2007"]
[Site "Cracovia POL"]
[Date "2008.01.04"]
[Round "9.4"]
[White "Kravtsiv, Martyn"]
[Black "Shkapenko, Pavel"]
[Result "1/2-1/2"]
[WhiteElo "2498"]
[BlackElo "2404"]
[PlyCount "89"]
[EventDate "2007.12.27"]
[EventType "swiss"]
[EventRounds "9"]
[EventCountry "POL"]
[Source "lmi"]
[SourceDate "2007.12.27"]

1. e4 c5 2. Nf3 e6 3. d4 cxd4 4. Nxd4 Nf6 5. Nc3 Nc6 6. Ndb5 Bb4 7. a3 Bxc3+ 8.
Nxc3 d5 9. exd5 exd5 10. Bd3 O-O 11. O-O d4 12. Ne2 Bg4 13. f3 Bh5 14. Bg5 Qd6
15. Qd2 Rac8 16. Rad1 Rfd8 17. b4 Bg6 18. Bxg6 hxg6 19. b5 Ne5 20. Qxd4 Qxd4+
21. Rxd4 Re8 22. Ng3 Rxc2 23. Bxf6 gxf6 24. Ne4 Kg7 25. Nd6 Re7 26. h3 a6 27.
a4 axb5 28. axb5 Nd7 29. Re4 Rxe4 30. fxe4 Rc5 31. Rd1 Nb6 32. Rb1 Re5 33. Nxb7
Rxe4 34. Rc1 Re6 35. Rc7 Nd5 36. Rd7 Nb6 37. Rc7 Nd5 38. Rc5 Nb6 39. Kf2 f5 40.
Na5 Na4 41. Rc4 Nb2 42. Rc7 Re5 43. Nb7 Nd3+ 44. Kg1 Rxb5 45. Rxf7+ 1/2-1/2

[Event "Cracovia 2007"]
[Site "Cracovia POL"]
[Date "2008.01.04"]
[Round "9.5"]
[White "Piorun, Kacper"]
[Black "Baryshpolets, Andrey"]
[Result "1/2-1/2"]
[WhiteElo "2353"]
[BlackElo "2399"]
[PlyCount "99"]
[EventDate "2007.12.27"]
[EventType "swiss"]
[EventRounds "9"]
[EventCountry "POL"]
[Source "lmi"]
[SourceDate "2007.12.27"]

1. e4 e5 2. Nf3 Nc6 3. Bb5 Nf6 4. d3 d6 5. O-O Be7 6. Re1 O-O 7. c3 a6 8. Ba4
b5 9. Bc2 Re8 10. Nbd2 Bf8 11. d4 Bg4 12. h3 Bh5 13. d5 Ne7 14. Nf1 h6 15. g4
Bg6 16. Ng3 c6 17. dxc6 Nxc6 18. Nh4 Bh7 19. Nhf5 d5 20. Qf3 Rc8 21. Bb3 Na5
22. Bxd5 Nxd5 23. exd5 Nc4 24. Ne4 Nd6 25. Be3 Nxe4 26. Qxe4 Rc4 27. Qg2 Qf6
28. Ng3 Rd8 29. Rad1 Bd6 30. a3 Bb8 31. Rc1 a5 32. b3 Rcc8 33. c4 a4 34. c5
axb3 35. Re2 Bd3 36. Rd2 b2 37. Rxb2 e4 38. Rd2 Bxg3 39. Qxg3 Rxd5 40. Kh2 Qa6
41. Rdd1 Qxa3 42. Ra1 Qc3 43. Ra7 b4 44. Qf4 Qe5 45. Qxe5 Rxe5 46. Rb7 b3 47.
Rd2 Bc4 48. Rb4 Be6 49. Kg3 g5 50. Kh2 1/2-1/2

[Event "Cracovia 2007"]
[Site "Cracovia POL"]
[Date "2008.01.04"]
[Round "9.6"]
[White "Kuzmicz, Krystian"]
[Black "Beinoras, Mindaugas"]
[Result "1/2-1/2"]
[WhiteElo "2422"]
[BlackElo "2280"]
[PlyCount "208"]
[EventDate "2007.12.27"]
[EventType "swiss"]
[EventRounds "9"]
[EventCountry "POL"]
[Source "lmi"]
[SourceDate "2007.12.27"]

1. e4 e5 2. Nf3 Nc6 3. Bc4 Nf6 4. Ng5 d5 5. exd5 Na5 6. Bb5+ c6 7. dxc6 bxc6 8.
Qf3 h6 9. Ne4 Nd5 10. Nbc3 Be6 11. Ba4 Be7 12. Qg3 Qc7 13. Nxd5 Bxd5 14. Nc3
O-O 15. d4 Bf6 16. Bxh6 Qb7 17. O-O exd4 18. Nxd5 cxd5 19. b3 Rac8 20. Rac1 Nc6
21. Bxc6 Rxc6 22. Bg5 Rc3 23. Qf4 Bxg5 24. Qxg5 Qc6 25. Rcd1 Qc5 26. Qe5 Rxc2
27. Rxd4 Rxa2 28. Rxd5 Qb6 29. Rd3 Ra5 30. Qe4 Rh5 31. Rfd1 Rh6 32. h3 Re6 33.
Qh4 Rh6 34. Qe7 Re6 35. Qd7 Rf6 36. R1d2 a6 37. Qg4 Rg6 38. Qf3 Rf6 39. Qg3 Rg6
40. Rd6 Qxd6 41. Qxd6 Rxd6 42. Rxd6 Rb8 43. Rxa6 Rxb3 44. h4 g6 45. Kh2 Kg7 46.
g3 Rb2 47. Kg2 Rc2 48. g4 Rb2 49. Kg3 Rb1 50. Ra5 Rh1 51. h5 Rb1 52. Kf4 Rb4+
53. Kg3 Rb1 54. f3 Rb3 55. Kf4 Rc3 56. hxg6 Kxg6 57. Rf5 f6 58. Ke4 Ra3 59. Kf4
Ra4+ 60. Kg3 Ra1 61. Rb5 Ra3 62. Rb2 Rc3 63. Kg2 Rd3 64. f4 Ra3 65. Rf2 Rb3 66.
Rf3 Rb1 67. Kg3 Rg1+ 68. Kh4 Rh1+ 69. Rh3 Rf1 70. f5+ Kg7 71. Ra3 Rh1+ 72. Kg3
Rg1+ 73. Kf3 Rf1+ 74. Kg2 Rb1 75. Ra7+ Kg8 76. Kg3 Rg1+ 77. Kf4 Rg2 78. Ra4 Kg7
79. Kf3 Rg1 80. Re4 Kf7 81. Ke3 Ra1 82. Rb4 Rg1 83. Re4 Rd1 84. Rd4 Rg1 85. Kd3
Kg7 86. Kc4 Re1 87. Rd7+ Kg8 88. Kd5 Re5+ 89. Kd6 Re4 90. Re7 Rxg4 91. Ke6 Ra4
92. Kxf6 Kf8 93. Re6 Ra7 94. Kg6 Rg7+ 95. Kh6 Rf7 96. Kg6 Rg7+ 97. Kf6 Rf7+ 98.
Ke5 Ra7 99. Rc6 Kf7 100. Rf6+ Kg7 101. Rb6 Kf7 102. Kf4 Ra1 103. Rb7+ Kf6 104.
Rb6+ Kf7 1/2-1/2

[Event "Cracovia 2007"]
[Site "Cracovia POL"]
[Date "2008.01.04"]
[Round "9.7"]
[White "Mikrut, Dariusz"]
[Black "Klimciauskas, Domantas"]
[Result "1/2-1/2"]
[WhiteElo "2409"]
[BlackElo "2147"]
[PlyCount "45"]
[EventDate "2007.12.27"]
[EventType "swiss"]
[EventRounds "9"]
[EventCountry "POL"]
[Source "lmi"]
[SourceDate "2007.12.27"]

1. e4 c6 2. d4 d5 3. exd5 cxd5 4. c4 Nf6 5. Nc3 Nc6 6. Bg5 e6 7. Nf3 dxc4 8.
Bxc4 Be7 9. O-O O-O 10. Re1 a6 11. a4 b6 12. d5 Nxd5 13. Bxd5 exd5 14. Qxd5
Qxd5 15. Nxd5 Bxg5 16. Nxg5 h6 17. Rac1 Nd4 18. Ne4 Be6 19. Nxb6 Rab8 20. a5
Nb3 21. Nc5 Nxc1 22. Rxc1 Rbd8 23. Nxa6 1/2-1/2

[Event "Cracovia 2007"]
[Site "Cracovia POL"]
[Date "2008.01.04"]
[Round "9.8"]
[White "Kosiorek, Marek"]
[Black "Granovski, Aleksandar"]
[Result "1/2-1/2"]
[WhiteElo "2358"]
[BlackElo "2338"]
[PlyCount "141"]
[EventDate "2007.12.27"]
[EventType "swiss"]
[EventRounds "9"]
[EventCountry "POL"]
[Source "lmi"]
[SourceDate "2007.12.27"]

1. e4 c5 2. Nf3 d6 3. c3 Nf6 4. Bd3 Nc6 5. Bc2 Bg4 6. d3 e6 7. Nbd2 Be7 8. h3
Bh5 9. Qe2 d5 10. O-O O-O 11. Re1 b5 12. g4 Bg6 13. Nh4 Qb6 14. Ng2 c4 15. d4
Bxe4 16. Nxe4 Nxe4 17. Bxe4 dxe4 18. Qxe4 Bd6 19. Bf4 Ne7 20. Ne3 Bxf4 21. Qxf4
Rad8 22. a3 Qc6 23. Re2 Ng6 24. Qg3 Qe4 25. f3 Qb7 26. Ng2 a5 27. h4 Ne7 28.
Nf4 b4 29. axb4 axb4 30. Rae1 bxc3 31. bxc3 Qb3 32. Re3 Ra8 33. Nh5 Qb8 34.
Qxb8 Rfxb8 35. Nf4 Kf8 36. R1e2 Ra3 37. Kf2 g6 38. Rd2 h6 39. Rc2 Rbb3 40. Ke1
Ra1+ 41. Kf2 Rbb1 42. Re5 Rf1+ 43. Kg3 Rg1+ 44. Rg2 Rac1 45. Rxg1 Rxg1+ 46. Kf2
Rc1 47. Ne2 Rc2 48. Rc5 Nd5 49. Kf1 Ke7 50. f4 Kd6 51. Ke1 Nxc3 52. Nxc3 Rxc3
53. h5 Rg3 54. g5 hxg5 55. h6 Rh3 56. fxg5 c3 57. Ke2 Kd7 58. Kd1 Rd3+ 59. Kc2
Rxd4 60. Kxc3 Rh4 61. Ra5 Kd6 62. Ra7 f6 63. gxf6 Rxh6 64. Rg7 Ke5 65. f7 Rh3+
66. Kd2 Rf3 67. Rxg6 Rxf7 68. Ke3 Kd5 69. Rg5+ e5 70. Rg4 e4 71. Rg8 1/2-1/2

[Event "Cracovia 2007"]
[Site "Cracovia POL"]
[Date "2008.01.04"]
[Round "9.9"]
[White "Maciejczak, Jakub"]
[Black "Vaznonis, Vytautas"]
[Result "1/2-1/2"]
[WhiteElo "2328"]
[BlackElo "2357"]
[PlyCount "171"]
[EventDate "2007.12.27"]
[EventType "swiss"]
[EventRounds "9"]
[EventCountry "POL"]
[Source "lmi"]
[SourceDate "2007.12.27"]

1. e4 e6 2. d4 d5 3. Nc3 Nf6 4. e5 Nfd7 5. f4 c5 6. Nf3 Nc6 7. Be3 cxd4 8. Nxd4
Bc5 9. Qd2 a6 10. Qf2 Bb4 11. Bd3 Qc7 12. O-O Nxd4 13. Bxd4 Bc5 14. Ne2 O-O 15.
Qh4 f5 16. exf6 Nxf6 17. c3 Bd7 18. Kh1 Bb5 19. Rad1 Bxd4 20. Nxd4 Bxd3 21.
Rxd3 Rae8 22. f5 Qc4 23. Rdf3 exf5 24. b3 Qc7 25. Nxf5 Re4 26. Qg5 Kh8 27. Ng3
Re5 28. Qf4 Rfe8 29. Nh5 Qe7 30. Nxf6 gxf6 31. Qxf6+ Qxf6 32. Rxf6 Re3 33. h3
R8e7 34. Rd6 Rxc3 35. Rxd5 Rc2 36. Rg5 Rc8 37. Rf2 Rg7 38. Rxg7 Kxg7 39. Kh2
Rc5 40. Rd2 Rb5 41. Rd6 Rb4 42. g4 a5 43. Kg3 a4 44. Rd3 h5 45. gxh5 Kh6 46.
Kf3 axb3 47. axb3 Kxh5 48. Ke3 Kg5 49. Kd2 Kf6 50. Kc3 Rh4 51. Re3 Kf5 52. Re7
Rxh3+ 53. Kb4 b6 54. Kc4 b5+ 55. Kb4 Kf6 56. Re8 Rg3 57. Re1 Rh3 58. Rb1 Ke6
59. Kxb5 Kd7 60. Kb6 Kc8 61. Ka7 Rh7+ 62. Ka8 Kc7 63. Ka7 Kc8+ 64. Ka6 Rh6+ 65.
Ka5 Kb7 66. b4 Ra6+ 67. Kb5 Rb6+ 68. Kc5 Rc6+ 69. Kb5 Rb6+ 70. Kc4 Rc6+ 71. Kb3
Kb6 72. Rh1 Rg6 73. Ka4 Rf6 74. Rh8 Kb7 75. Ka5 Ra6+ 76. Kb5 Rb6+ 77. Kc5 Rc6+
78. Kd5 Rc1 79. Rh6 Rc2 80. b5 Rc1 81. Rc6 Rxc6 82. bxc6+ Kc7 83. Kc5 Kc8 84.
Kd6 Kd8 85. c7+ Kc8 86. Kc6 1/2-1/2

[Event "Cracovia 2007"]
[Site "Cracovia POL"]
[Date "2008.01.04"]
[Round "9.10"]
[White "Bartel, Michal"]
[Black "Tazbir, Marcin"]
[Result "1/2-1/2"]
[WhiteElo "2268"]
[BlackElo "2464"]
[PlyCount "60"]
[EventDate "2007.12.27"]
[EventType "swiss"]
[EventRounds "9"]
[EventCountry "POL"]
[Source "lmi"]
[SourceDate "2007.12.27"]

1. e4 g6 2. d4 Bg7 3. Ne2 c6 4. Nbc3 d5 5. f3 dxe4 6. Nxe4 Nd7 7. Be3 Ngf6 8.
N2c3 Nd5 9. Bf2 O-O 10. Bc4 N7b6 11. Bb3 a5 12. a3 Be6 13. Ne2 Nc7 14. c3 a4
15. Bc2 Nc4 16. Rb1 b5 17. Nd2 Bh6 18. Nxc4 Bxc4 19. Bd3 Bb3 20. Bc2 Bc4 21.
Bd3 Nd5 22. O-O Re8 23. Ng3 Bb3 24. Bc2 Ne3 25. Bxe3 Bxe3+ 26. Kh1 Bc4 27. Bd3
Bb3 28. Bc2 Bc4 29. Bd3 Bb3 30. Bc2 Bc4 1/2-1/2